| 000 | 00664cam a2200157 4500500 | ||
|---|---|---|---|
| 005 | 20260201095239.0 | ||
| 041 | _afre | ||
| 042 | _adc | ||
| 100 | 1 | 0 |
_aWeydert, Jean _eauthor |
| 245 | 0 | 0 | _aKaroline Postel-Vinay, L’Occident et sa bonne parole, Flammarion, 2005, 224 p., 39,20 € |
| 260 | _c2005. | ||
| 500 | _a85 | ||
| 520 | _aResumé Dans la quête de justice, il y a une temsion entre les aspirations à l’exactitude et une reconnaissance plus fondamentale et gratuite. | ||
| 786 | 0 | _nRevue Projet | 289 | 6 | 2005-06-01 | p. 091a-094a | 0033-0884 | |
| 856 | 4 | 1 | _uhttps://shs.cairn.info/revue-projet-2005-6-page-091a?lang=fr&redirect-ssocas=7080 |
| 999 |
_c1640831 _d1640831 |
||